00740nam a22002057a 450000500170000001000150001702000260003203500140005803700090007208200170008110000230009824500960012125000060021726000340022327000460025730000260030394200280032999900190035795201580037620241129142929.0 aENG-142739 c350.00a9788174467799 aEN-126271 bDBAD a338.6095421 aRath, A.K. 974394 aTowards Better Corporate Governance:bIndependent Directors in the Boardroom/cby A.K. Rath a1 aNew DelhibExcel Books c2010 aA-45, Naraina, Phase IbNew Delhie110028 axviii,238p.c24cm(pb) 2ddccENh338.60954mRAT c207237d207237 001040708NFICaAVbAVd2024-11-29eDelivery of Books Act Divisiong350.00l0o338.60954 RATpEN-126271r2024-11-29 00:00:00t1v350.00w2024-11-29yEN